[Event "XXVII C.to Italiano femminile"]
[Site "Imperia ITA"]
[Date "2000.09.10"]
[Round "9"]
[White "Arnetta, Maria Teresa"]
[Black "Cucoch, Marisa"]
[Result "1-0"]
[WhiteElo "1831"]
[BlackElo "1401"]
[PlyCount "73"]
[EventDate "2000.09.03"]

1. e4 d5 2. exd5 e5 3. dxe6 Bxe6 4. Nf3 Nf6 5. d4 Bd6 6. Be2 Nbd7 7. c4 c5 8.
d5 Bf5 9. Nc3 a6 10. O-O Qc7 11. h3 O-O 12. Bd3 Bxd3 13. Qxd3 Rfe8 14. Bd2 Ne5
15. Nxe5 Bxe5 16. Rfe1 Rad8 17. Rad1 Qd6 18. Bg5 Bxc3 19. Qxc3 Rxe1+ 20. Rxe1
Re8 21. Bxf6 Rxe1+ 22. Qxe1 gxf6 23. Qe4 h5 24. Qe2 Qe5 25. Qxe5 fxe5 26. Kf1
Kf8 27. Ke2 Ke7 28. g4 h4 29. Ke3 f6 30. Ke4 b5 31. b3 Kd6 32. Kf5 Ke7 33. g5
fxg5 34. Kxg5 e4 35. Kf4 bxc4 36. bxc4 Kd6 37. Kxe4 1-0

[Event "XXVII C.to Italiano femminile"]
[Site "Imperia ITA"]
[Date "2000.09.10"]
[Round "9"]
[White "Bassi, Serena"]
[Black "Sirletti, Sonia"]
[Result "0-1"]
[WhiteElo "1500"]
[BlackElo "1834"]
[PlyCount "34"]
[EventDate "2000.09.03"]

1. e4 d6 2. d4 Nf6 3. Nc3 g6 4. Bf4 Bg7 5. Qe2 e5 6. Be3 exd4 7. Bxd4 O-O 8.
O-O-O Nc6 9. Bc5 Qe7 10. Ba3 Re8 11. Re1 a6 12. Nd5 Nxd5 13. exd5 Qg5+ 14. Kb1
Rxe2 15. Rxe2 Ne5 16. Nh3 Bxh3 17. gxh3 Nc4 0-1

[Event "XXVII C.to Italiano femminile"]
[Site "Imperia ITA"]
[Date "2000.09.10"]
[Round "9"]
[White "Tomba, Patrizia"]
[Black "Fittante, Giuliana"]
[Result "0-1"]
[WhiteElo "1420"]
[BlackElo "1812"]
[PlyCount "34"]
[EventDate "2000.09.03"]

1. e4 Nf6 2. e5 Nd5 3. c4 Nb6 4. Nf3 d6 5. exd6 exd6 6. b3 Be7 7. Nc3 O-O 8.
Be2 Nc6 9. O-O Bg4 10. Bb2 Bf6 11. h3 Bh5 12. g4 Bg6 13. d4 Re8 14. Bd3 Bxd3
15. Qxd3 g6 16. Ne4 Bg7 17. d5 Nb4 0-1